00827nam a2200217 a 4500008004100000020001500041041000800056245008100064250001100145260003100156300001300187500011800200653004500318653004600363653005700409653004100466700002600507700002300533700002700556700002600583110815s2000 sp a f |||| 001 0 spa d a8445810073 aspa aCasos clínicos en hipertensión arterial.nFasc.2 /cAntonio Coca Payeras a2a ed. aBarcelona:bMasson;c2000. a43-80 p. aCoca Payeras, A. et al. (2000). Casos clínicos en Hipertensión Arterial. Fasc.2 (2a ed.). Barcelona : Masson. aHipertensión arterial y feocromocitoma aHipertensión arterial con hipopotasemia aHipertesión arterial y glomerulonefritis crónica aHipertensión arterial y dislipemia1 aCoca Payeras, Antonio1 aAranda Lara, Pedro1 aMarín Iranzo, Rafael1 aCalvo Gómez, Carlos